|
|
|
|
| LEADER |
00000nam#a22000001ab4500 |
| 001 |
00032904 |
| 003 |
AR-BaUAD |
| 005 |
20230908142341.0 |
| 008 |
121005s2011####ag#ao||##||||||||#||spa|d |
| 020 |
|
|
|a 9789505321568
|
| 040 |
|
|
|a AR-BaUAD
|b spa
|c AR-BaUAD
|
| 041 |
|
|
|a spa
|
| 044 |
|
|
|c ar
|2 ISO3166-1
|
| 080 |
|
|
|a 7.011
|
| 080 |
|
|
|a 62-494
|
| 080 |
|
|
|a 7.011:677
|x (82)
|
| 080 |
|
|
|a 7.05
|x (82)
|
| 080 |
|
|
|a 711.2
|x (82)
|
| 245 |
0 |
0 |
|a Objeto fieltro :
|b oportunidades de agregar valor a la cadena lanera /
|c Raquel Ariza... [et al.]
|
| 260 |
|
|
|a San Martín :
|b Instituto Nacional de Tecnología Industrial. Centro de Investigación y Desarrollo en Diseño Industrial,
|c 2011
|
| 300 |
|
|
|a 131 p. :
|b il., dib., fot., gráf.
|
| 490 |
|
|
|a Diseño Sustentable
|
| 505 |
|
|
|a 01. Diseño y desarrollo local -- 02. Un material noble -- 03. Tecnologías y procesos productivos -- 04. Productos -- 05. Diseño -- 06. Morfología -- 07. Construcción colectiva.
|
| 500 |
|
|
|a Indice: p. 7.
|
| 500 |
|
|
|a Agradecimientos. p. 9.
|
| 500 |
|
|
|a Prólogo / Enrique Mario Martínez: p. 11.
|
| 500 |
|
|
|a Introducción: p. 13-17.
|
| 500 |
|
|
|a Glosario: p. 113-117.
|
| 500 |
|
|
|a Imágenes: p. 119-124.
|
| 500 |
|
|
|a Citas: p. 125.
|
| 504 |
|
|
|a Bibliografía: p. 126-127.
|
| 500 |
|
|
|a Datos útiles: p. 128.
|
| 500 |
|
|
|a Páginas Web: p. 129.
|
| 700 |
1 |
|
|a Ariza, Raquel
|
| 700 |
1 |
|
|a Benasso, Tomás
|
| 700 |
1 |
|
|a Dorado, Cecilia
|
| 700 |
1 |
|
|a Flores, Fabiana
|
| 700 |
1 |
|
|a Ramírez, Rodrigo
|
| 700 |
1 |
|
|a Yoguel, Victoria
|
| 653 |
|
|
|a FIBRAS NATURALES
|
| 653 |
|
|
|a LANA
|
| 653 |
|
|
|a PROCESOS TEXTILES
|
| 653 |
|
|
|a PROCESOS INDUSTRIALES
|
| 653 |
|
|
|a TECNICAS
|
| 653 |
|
|
|a TECNOLOGIA
|
| 653 |
|
|
|a PROCESOS
|
| 653 |
|
|
|a ARTESANIA
|
| 653 |
|
|
|a FIELTRO
|
| 653 |
|
|
|a TELAS NO TEJIDAS
|
| 653 |
|
|
|a DESARROLLO
|
| 653 |
|
|
|a PRODUCTOS
|
| 653 |
|
|
|a DISEÑO SUSTENTABLE
|
| 653 |
|
|
|a DISEÑO INDUSTRIAL
|
| 653 |
|
|
|a DISEÑO DE INDUMENTARIA
|
| 653 |
|
|
|a DISEÑO
|
| 653 |
|
|
|a MORFOLOGIA
|
| 653 |
|
|
|a ACCESORIOS
|
| 653 |
|
|
|a OBJETOS
|
| 653 |
|
|
|a VOCABULARIOS
|
| 655 |
|
|
|a TEXTO
|
| 852 |
|
|
|c FALTA UBICACION (campo 203)!!!
|
| 952 |
|
|
|0 0
|1 0
|4 0
|7 0
|9 40656
|a AR-BaUAD
|b AR-BaUAD
|d 2024-02-12
|e Donac. INTI
|g 120.00
|i 33570
|l 0
|p p8tb433570
|r 2023-09-08 14:23:41
|w 2023-09-08
|y BK
|
| 990 |
|
|
|a Ej. No 1 : 33570 . 24/02/12 -- Donac. INTI -- (120 pesos).
|b ADM
|
| 990 |
|
|
|a DT201
|b TD
|
| 990 |
|
|
|a GAV
|b OP
|
| 990 |
|
|
|a AAQ00032904
|b CC
|
| 998 |
|
|
|a AAQ
|b Bibun 76
|
| 942 |
|
|
|c BK
|
| 999 |
|
|
|c 21111
|d 21111
|